Atraer y retener buenos profesionales en la profesión docente : políticas en Latinoamérica (Record no. 123397)

MARC details
000 -CABECERA
campo de control de longitud fija 00586nab a2200193 a 4500
005 - FECHA Y HORA DE LA ÚLTIMA TRANSACCIÓN
campo de control 20210219155743.0
008 - ELEMENTOS DE LONGITUD FIJA--INFORMACIÓN GENERAL
campo de control de longitud fija 991125s1985 mx 000 0 spa u
035 ## - NÚMERO DE CONTROL DEL SISTEMA
Número de control de sistema UPN01000151259
100 1# - ASIENTO PRINCIPAL--NOMBRE PERSONAL
Nombre de persona Vaillant Alcalde, Denise
222 #0 - TÍTULO CLAVE
Título clave REVISTA DE EDUCACION
245 00 - MENCIÓN DE TÍTULO
Título Atraer y retener buenos profesionales en la profesión docente : políticas en Latinoamérica
260 ## - PUBLICACIÓN, DISTRIBUCIÓN, ETC.
Lugar de publicación, distribución, etc. Madrid, España
300 ## - DESCRIPCIÓN FÍSICA
Extensión 117-140
362 0# - FECHAS DE PUBLICACIÓN Y/O DESIGNACIÓN SECUENCIAL
Fecha de publicación y/o designación secuencial 2006 No. 340, may.-ago.
653 0# - TERMINO DE INDIZACION - NO CONTROLADO
Término no controlado PRACTICA DOCENTE
653 0# - TERMINO DE INDIZACION - NO CONTROLADO
Término no controlado CONDICIONES DE TRABAJO
653 0# - TERMINO DE INDIZACION - NO CONTROLADO
Término no controlado POLITICA EDUCATIVA
905 ## - TIPO DE MATERIAL
Tipo de material Articulo

No items available.